<?xml version="1.0" encoding="UTF-8"?>
<marc:record xmlns:marc="http://www.loc.gov/MARC21/slim">
   <marc:leader>00000nam a2200000 a 4500</marc:leader>
   <marc:datafield ind1="1" ind2=" " tag="100">
      <marc:subfield code="a">Hennig, Tessa</marc:subfield>
      <marc:subfield code="4">aut</marc:subfield>
      <marc:subfield code="e">Verfasser/-in</marc:subfield>
   </marc:datafield>
   <marc:datafield ind1="0" ind2="0" tag="245">
      <marc:subfield code="a">Immer Ärger mit den Bambini</marc:subfield>
   </marc:datafield>
   <marc:datafield ind1="0" ind2="0" tag="245">
      <marc:subfield code="c">Tessa Hennig</marc:subfield>
   </marc:datafield>
   <marc:datafield ind1=" " ind2="1" tag="264">
      <marc:subfield code="a">Frankfurt am Main</marc:subfield>
      <marc:subfield code="b">Econ Ullstein List Verlag GmbH</marc:subfield>
      <marc:subfield code="c">2022</marc:subfield>
   </marc:datafield>
   <marc:datafield ind1="1" ind2=" " tag="520">
      <marc:subfield code="a">Ehe kaputt, Weinhandlung pleite. Alles, was Sandra vom großen Glück geblieben ist, sind Likes auf Instagram. »Gejammert wird trotzdem nicht«, findet ihre rüstige Mutter Heike. Guter Wein muss her. Also auf nach Apulien! Doch die Reise der beiden wird schon am Gotthard-Tunnel jäh unterbrochen: Auf einer Raststätte gabeln sie den fünfzehnjährigen Federico auf. Er ist aus dem Heim abgehauen und will zu seinem Großvater Alessio nach Brindisi. Den kennt er allerdings nur vom Foto, weshalb Alessio wenig erfreut ist, als Sandra und Heike den Jungen bei ihm abladen wollen. Ein Bambino hat ihm gerade noch gefehlt! Der mürrische Alte lebt einsam auf einem Weinberg und behauptet, er habe gar keinen Enkel.  Es braucht Heikes ganzen Einfallsreichtum und Federicos jugendlichen Charme, um Alessios, aber auch Sandras Glück ein wenig nachzuhelfen</marc:subfield>
   </marc:datafield>
   <marc:datafield ind1=" " ind2=" " tag="020">
      <marc:subfield code="a">9783548065748</marc:subfield>
      <marc:subfield code="9">9783548065748</marc:subfield>
   </marc:datafield>
   <marc:datafield ind1=" " ind2=" " tag="020">
      <marc:subfield code="a">3548065740</marc:subfield>
      <marc:subfield code="9">3548065740</marc:subfield>
   </marc:datafield>
</marc:record>
